Akademický rok sa na EU v Bratislave začal prednáškou nositeľa Nobelovej ceny profesora Edmunda S. Phelpsa
Informácia z predášky nositeľa Nobelovej ceny Edmunda Phelpsa na tému: Obnovenie prosperity v západnom svete.
Salvato in:
| Autore principale: | |
|---|---|
| Altri autori: | , |
| Natura: | Capitolo di libro |
| Lingua: | slovacco |
| Soggetti: | |
| Tags: |
Nessun Tag, puoi essere il primo ad aggiungerne!!
|
MARC
| LEADER | 00000naa a2200000 4500 | ||
|---|---|---|---|
| 001 | 0120991 | ||
| 005 | 20240502072356.0 | ||
| 041 | 0 | |a slo | |
| 044 | |a SK | ||
| 245 | 1 | 0 | |a Akademický rok sa na EU v Bratislave začal prednáškou nositeľa Nobelovej ceny profesora Edmunda S. Phelpsa |c Urban Kováč, Jana Péliová, Menbere Workie Tiruneh |
| 520 | |a Informácia z predášky nositeľa Nobelovej ceny Edmunda Phelpsa na tému: Obnovenie prosperity v západnom svete. | ||
| 610 | 2 | 0 | |a Nobelova cena |
| 610 | 2 | 0 | |a prednášky |
| 610 | 2 | 0 | |a školy vysoké |
| 610 | 2 | 0 | |a teórie ekonomické |
| 610 | 2 | 0 | |a kríza hospodárska |
| 610 | 2 | 0 | |a Phelps, E. |
| 100 | 1 | |a Kováč, Urban | |
| 700 | 1 | |a Péliová, Jana, 1976- | |
| 700 | 1 | |a Workie Tiruneh, Menbere | |